Every 100,000+ City In The USSR In 1989 - Statistics

General Stats
  • This quiz has been taken 16 times
    3 since last reset
  • The average score is 186 of 271
Answer Stats
Population City % Correct
1,127,884 Alma-Ata (Almaty)
100%
114,331 Almalik
100%
293,227 Andijan
100%
251,442 Andropov (Rybinsk)
100%
415,921 Arkhangelsk
100%
438,532 Ashgabat
100%
509,210 Astrakhan
100%
1,150,055 Baku
100%
136,900 Batumi
100%
129,969 Bender
100%
258,016 Brest
100%
160,799 Carjew (Turkmenabat)
100%
1,141,777 Chelyabinsk
100%
296,347 Chernihiv
100%
365,754 Chita
100%
124,910 Daugavpils
100%
1,191,971 Dnipropetrovsk (Dnipro)
100%
1,109,102 Donetsk
100%
595,820 Dushanbe
100%
610,630 Frunze (Bishkek)
100%
500,846 Gomel
100%
1,438,133 Gorky (Nizhny Novgorod)
100%
399,688 Grozny
100%
338,106 Horlivka
100%
626,135 Irkutsk
100%
481,042 Ivanovo
100%
635,109 Izhevsk
100%
401,280 Kaliningrad
100%
450,941 Kalinin (Tver)
100%
207,780 Kamensk-Uralsky
100%
613,797 Karaganda
100%
418,087 Kaunas
100%
1,094,378 Kazan
100%
174,365 Kerch
100%
600,623 Khabarovsk
100%
1,609,959 Kharkov (Kharkiv)
100%
355,379 Kherson
100%
2,587,945 Kiev (Kyiv)
100%
440,240 Kirov
100%
270,006 Kirovabad (Ganja)
100%
269,803 Kirovohrad (Kropyvnytskyi)
100%
667,082 Kishinev (Chisinau)
100%
202,929 Klaipeda
100%
125,502 Kommunarsk (Alchevsk)
100%
620,516 Krasnodar
100%
912,629 Krasnoyarsk
100%
763,109 Kryvyi Rih
100%
232,510 Kutaisi
100%
1,254,460 Kuybyshev (Samara)
100%
160,458 Leninabad (Khujand)
100%
122,587 Leninakan (Gyumri)
100%
5,023,506 Leningrad (Saint Petersburg)
100%
114,486 Liepaja
100%
790,908 Lvov (Lviv)
100%
1,589,436 Minsk
100%
359,188 Mogilev
100%
8,967,232 Moscow
100%
128,000 Mozyr
100%
480,020 Murmansk
100%
174,673 Norilsk
100%
170,362 Nukus
100%
1,115,371 Odessa
100%
1,148,418 Omsk
100%
336,862 Orel
100%
546,501 Orenburg
100%
211,045 Osh
100%
1,100,772 Perm
100%
268,747 Petropavlovsk-Kamchatsky
100%
241,360 Petropavlovsk (Petropavl)
100%
910,445 Riga
100%
1,019,305 Rostov-On-Don
100%
159,016 Rustavi
100%
367,031 Samarkand
100%
904,643 Saratov
100%
356,123 Sevastopol
100%
392,977 Shymkent
100%
145,629 Siauliai
100%
343,565 Simferopol
100%
336,514 Sochi
100%
119,050 Sokhumi
100%
231,104 Sumqayit
100%
1,364,621 Sverdlovsk (Yekaterinburg)
100%
478,974 Tallinn
100%
113,420 Tartu
100%
111,406 Tashauz (Dashoguz)
100%
2,095,525 Tashkent
100%
1,243,150 Tbilisi
100%
183,958 Tiraspol
100%
501,963 Tomsk
100%
100,000 Tomsk-7 (Seversk)
100%
277,365 Tselinograd (Astana)
100%
1,082,052 Ufa
100%
199,835 Uralsk (Oral)
100%
576,747 Vilnius
100%
349,702 Vladimir
100%
633,838 Vladivostok
100%
998,894 Volgograd
100%
886,844 Voronezh
100%
496,813 Voroshilovgrad (Luhansk)
100%
186,626 Yakutsk
100%
1,201,539 Yerevan
100%
883,909 Zaporizhia
100%
518,933 Zhdanov (Mariupol)
100%
154,092 Abakan
50%
253,532 Aktyubinsk (Aqtobe)
50%
129,008 Almetyevsk
50%
265,835 Angarsk
50%
131,970 Angren
50%
160,893 Armavir
50%
108,951 Arzamas
50%
197,391 Balakovo
50%
135,841 Balashikha
50%
158,517 Balti
50%
159,315 Baranovichi
50%
601,811 Barnaul
50%
300,408 Belgorod
50%
132,644 Berdiansk
50%
201,213 Berezniki
50%
196,878 Bila Tserkva
50%
205,553 Blagoveshchensk
50%
221,166 Bobruysk
50%
143,792 Borisov
50%
255,705 Bratsk
50%
452,160 Bryansk
50%
223,934 Bukhara
50%
419,592 Cheboksary
50%
310,463 Cherepovets
50%
290,340 Cherkasy
50%
113,060 Cherkessk
50%
256,644 Chernivtsi
50%
156,654 Chirchik
50%
281,925 Dniprodzerzhynsk (Kamianske)
50%
285,071 Dzerzhinsk
50%
108,821 Dzezkazgan
50%
306,715 Dzhambul (Taraz)
50%
106,087 Dzhizak
50%
134,627 Ekibastuz
50%
152,463 Elektrostal
50%
181,201 Engels
50%
200,373 Fergana
50%
270,535 Grodno
50%
149,261 Guryev (Atyrau)
50%
214,021 Ivano-Frankivsk
50%
311,399 Kaluga
50%
102,236 Kamianets-Podilskyi
50%
122,463 Kamyshin
50%
157,119 Karshi
50%
520,263 Kemerovo
50%
132,902 Khimki
50%
236,938 Khmelnytskyi
50%
113,278 Khrustalni
50%
114,414 Kislovodsk
50%
182,073 Kokand
50%
136,757 Kokchetav (Kokshetau)
50%
161,881 Kolomna
50%
315,325 Komsomolsk-on-Amur
50%
159,363 Korolyov
50%
107,562 Kostiantynivka
50%
278,414 Kostroma
50%
159,942 Kovrov
50%
198,094 Kramatorsk
50%
236,495 Kremenchuk
50%
355,517 Kurgan
50%
424,239 Kursk
50%
224,598 Kustanay (Kostanay)
50%
151,791 Kzyl-Orda (Kyzylorda)
50%
449,635 Lipetsk
50%
197,724 Lutsk
50%
126,503 Lysychansk
50%
165,478 Lyubertsy
50%
440,321 Magnitogorsk
50%
317,475 Makhachkala
50%
430,201 Makiivka
50%
124,847 Margilan
50%
148,608 Maykop
50%
173,385 Melitopol
50%
167,839 Miass
50%
124,229 Murom
50%
502,776 Mykolaiv
50%
159,869 Mytishchi
50%
500,309 Nabarezhnye Chelny
50%
160,056 Nakhodka
50%
234,547 Nalchik
50%
305,585 Namangan
50%
107,115 Navoi
50%
106,801 Neftekamsk
50%
121,355 Nevinnomyssk
50%
157,608 Nikopol
50%
190,793 Nizhnekamsk
50%
241,457 Nizhnevartovsk
50%
439,521 Nizhny Tagil
50%
123,020 Noginsk
50%
114,760 Novocheboksarsk
50%
187,973 Novocherkassk
50%
599,947 Novokuznetsk
50%
146,302 Novomoskovsk
50%
185,938 Novorossiysk
50%
107,772 Novoshakhtinsk
50%
1,436,516 Novosibirsk
50%
100,178 Obninsk
50%
125,149 Odintsovo
50%
104,732 Oktyabrsky
50%
102,611 Oleksandriia
50%
137,198 Orekhovo-Zuyevo
50%
123,128 Orsha
50%
270,711 Orsk
50%
126,500 Panevezys
50%
330,748 Pavlodar
50%
131,414 Pavlohrad
50%
542,612 Penza
50%
142,193 Pervouralsk
50%
269,485 Petrozavodsk
50%
118,636 Pinsk
50%
278,756 Podolsk
50%
314,740 Poltava
50%
273,838 Prokopyevsk
50%
203,789 Pskov
50%
129,499 Pyatigorsk
50%
227,925 Rivne
50%
171,792 Rubtsovsk
50%
124,300 Rudny
50%
514,638 Ryazan
50%
149,627 Salavat
50%
312,128 Saransk
50%
334,402 Semipalatinsk (Semey)
50%
247,823 Sergut
50%
143,618 Serpukhov
50%
248,670 Severodvinsk
50%
225,797 Shakhty
50%
109,225 Shchyolkovo
50%
159,245 Shevchenko (Aktau)
50%
131,376 Sievierodonetsk
50%
135,300 Sloviansk
50%
341,483 Smolensk
50%
112,023 Stakhanov (Kadiivka)
50%
173,917 Stary Oskol
50%
318,298 Stavropol
50%
247,457 Sterlitamak
50%
291,264 Sumy
50%
232,117 Syktyvkar
50%
174,335 Syzran
50%
291,622 Taganrog
50%
119,149 Taldy-Kurgan (Taldykorgan)
50%
304,600 Tambov
50%
204,845 Ternopil
50%
630,543 Tolyatti
50%
539,980 Tula
50%
476,869 Tyumen
50%
352,530 Ulan-Ude
50%
625,155 Ulyanovsk
50%
126,380 Urgench
50%
158,016 Ussuriysk
50%
324,478 Ust-Kamenogorsk (Oskemen)
50%
117,061 Uzhhorod
50%
229,126 Veliky Novgorod
50%
374,304 Vinnytsia
50%
350,004 Vitebsk
50%
300,198 Vladikavkaz
50%
175,593 Volgodonsk
50%
282,802 Vologda
50%
277,284 Volzhsky
50%
632,991 Yaroslavl
50%
120,332 Yenakiieve
50%
107,792 Yevpatoria
50%
241,601 Yoshkar-Ola
50%
159,299 Yuzhno-Sakhalinsk
50%
100,609 Zhukovsky
50%
292,097 Zhytomyr
50%
207,794 Zlatoust
50%
123,570 Dimitovgrad
0%
212,382 Termitay
0%
No matching quizzes found
Score Distribution
Percent of People with Each Score
Percentile by Number Answered
Your Score History
You have not taken this quiz since the last reset